My Top 100 Songs of 2017 - Guess the Artist - Statistics

General Stats
  • This quiz has been taken 26 times
  • The average score is 34 of 100
Answer Stats
Song Title Artist % Correct
New Rules Dua Lipa
87%
...Ready for It? Taylor Swift
87%
Havana Camila Cabello
83%
Whenever, Wherever Shakira
74%
Reggaeton Lento CNCO & Little Mix
70%
ADIDAS | Black Magic | DNA | +12 others Little Mix
70%
9 to 5 Dolly Parton
65%
Malibu | Younger Now Miley Cyrus
65%
Slow Hands Niall Horan
65%
Fake Happy | Hard Times | Rose-Colored Boy | Told You So Paramore
65%
One Last TIme Ariana Grande
57%
Bodak Yellow Cardi B
57%
Alone | Bad at Love | Colors | +2 others Halsey
57%
Sorry Not Sorry | Tell Me You Love Me Demi Lovato
52%
Feel It Still Portugal the Man
52%
How Far I'll Go Auli'i Cravalho
43%
The Cure Lady Gaga
35%
Cut to the Feeling | Store Carly Rae Jepsen
26%
Heartbeat | IV. Sweatpants Childish Gambino
26%
Stay Zedd & Alessia Cara
26%
6/8 | Dammit | Feeling This | +5 others Blink-182
22%
Most Girls Hailee Steinfeld
22%
The Last of the Real Ones Fall Out Boy
17%
I'm the Man Joe Jackson
13%
12 Feet Deep | 2YL | Help | +14 others The Front Bottoms
13%
Be Your Shadow The Wombats
13%
21 Questions | Dizzy | Gloom Boys | +2 others Waterparks
13%
Dirty Laundry | Last Young Renegade | Life of the Party | Nice2KnoU All Time Low
9%
Right Now | Want You Back HAIM
9%
Do You Remember (The Other Half of 23) | Taxi The Maine
9%
Bad Water AronChupa
4%
Some Kinda Wonderful Betty Who
4%
Fool Fitz and the Tantrums
4%
Moonlight Grace VanderWaal
4%
I Was Born Hanson
4%
Break My Heart Hey Violet
4%
Learn to Let Go Kesha
4%
Get Up Superchick
4%
D'You Have a Car? | Lost It SWMRS
4%
Trampoline The Unlikely Candidates
4%
Cruel The Veronicas
4%
Queen of the Night Whitney Houston
4%
No matching quizzes found
Score Distribution
Percent of People with Each Score
Percentile by Number Answered
Your Score History
You have not taken this quiz